Numerical geometry of images : theory, algorithms, and applications
Αποθηκεύτηκε σε:
| Κύριος συγγραφέας: | |
|---|---|
| Μορφή: | Βιβλίο |
| Γλώσσα: | English |
| Δημοσίευση: |
New York :
Springer,
c2004
|
| Θέματα: | |
| Ετικέτες: |
Προσθήκη ετικέτας
Δεν υπάρχουν, Καταχωρήστε ετικέτα πρώτοι!
|
MARC
| LEADER | 00000nam a2200000 i 4500 | ||
|---|---|---|---|
| 001 | 1/37472 | ||
| 008 | 061111s2004 eng d | ||
| 020 | |a 0-387-95562-3 | ||
| 035 | |l 10086098 | ||
| 040 | |a GR-MY-UA |b gre |e aacr | ||
| 041 | 0 | |a eng | |
| 082 | 0 | |a 516.36 |2 (22) | |
| 100 | 1 | |a Kimmel, Ron. | |
| 245 | 1 | 0 | |a Numerical geometry of images : |b theory, algorithms, and applications / |c Ron Kimmel |
| 260 | |a New York : |b Springer, |c c2004 | ||
| 300 | |a xiii, 209 σ.; |b εικ.; |c 24 εκ. | ||
| 504 | |a Περιλαμβάνει βιβλιογραφία (σ. [192]-205) και ευρετήριο | ||
| 650 | 0 | 0 | |a Geometry, Differential |x Data processing. |
| 852 | |a INST |b SYROS |e 20061111 |h 516.36 KIM |p 005500007537 |q 005500007537 |t BK |y 0 | ||
| 901 | |a BIBL5-2007-1 | ||
| 909 | |a Ε |b 129918 | ||
| 922 | |a 5ΕΛΗ |b 200610 |c ΒΙΒΛΙΟΘΗΚΗ ΣΥΡΟΥ |d GLORY BOOK | ||
| 950 | |a 188-2006-10-11 | ||
| 970 | |a ΚΟΝΤΟΥ |b ΠΑΡΑΣΚΕΥΗ |z 2007/03/27 | ||